[Event "FIDE World Cup American Qual Gp7"]
[Site "Tornelo INT"]
[Date "2021.05.28"]
[Round "3.5"]
[White "Sambuev, Bator"]
[Black "Bacallao Alonso, Yusnel"]
[Result "0-1"]
[WhiteElo "2514"]
[BlackElo "2590"]
[PlyCount "112"]
[EventDate "2021.05.22"]
[EventType "k.o. (rapid)"]
[EventRounds "4"]
[EventCountry "USA"]
[SourceTitle "CBM 202 Extra"]
[Source "ChessBase"]
[SourceDate "2021.07.31"]
[SourceVersion "1"]
[SourceVersionDate "2021.07.31"]
[SourceQuality "1"]

1. Nf3 Nf6 2. c4 b6 3. g3 Bb7 4. Bg2 e6 5. 0-0 Be7 6. Nc3 0-0 7. Re1 d5 8. cxd5 Nxd5 9. e4 Nxc3 10. bxc3 Nc6 11. d4 Na5 12. Ne5 Bd6 13. Bf4 Qe7 14. d5 Bxe5 15. Bxe5 Nc4 16. Bf4 e5 17. Bc1 c6 18. a4 Rfd8 19. Qd3 cxd5 20. exd5 Rac8 21. Be4 h6 22. h4 Qc5 23. Rd1 Nd6 24. Bg2 e4 25. Qd4 Qxc3 26. Qxc3 Rxc3 27. a5 b5 28. a6 Ba8 29. Be3 Rc7 30. Rac1 Rxc1 31. Rxc1 Nc4 32. Bxe4 Rd7 33. Rd1 Nxe3 34. fxe3 Kf8 35. Bf3 f5 36. h5 Ke7 37. Kf2 Kd6 38. Rb1 Kc5 39. Rc1+ Kb6 40. Rd1 Kxa6 41. g4 fxg4 42. Bg2 Kb6 43. e4 Kc5 44. Ke3 b4 45. Rc1+ Kd6 46. Kd4 b3 47. e5+ Ke7 48. d6+ Ke6 49. Bxa8 b2 50. Rb1 g3 51. Bd5+ Kf5 52. Rxb2 g2 53. Bxg2 Kf4 54. Bh3 Rd8 55. d7 a5 56. e6 a4 0-1